000 00953nmc a2200325 a 4500
003 AR-BaBNM
005 20251128203810.0
008 167019s1959 ||||||||||||||000 | spa||
040 _cAR-BaBNM
100 1 _aDetjen, Ervin Winfred
245 1 0 _aOrientación educacional en la escuela primaria
250 _a1ª ed.
260 _aBuenos Aires
_bKapelusz
_c1959
300 0 _a353 p.
490 0 _aBiblioteca de cultura pedagógica
504 _aBibliografía al final de cada capítulo
650 4 _aALUMNOS DE PRIMARIA
650 4 _aAMBIENTE FAMILIAR
650 4 _aNECESIDADES DEL ALUMNO
650 4 _aCOMPORTAMIENTO ANTISOCIAL
650 4 _aPROBLEMAS DE COMPORTAMIENTO
650 4 _aRESPONSABILIDAD DEL NINO
650 4 _aRELACIONES FAMILIARES
650 4 _aRELACION ALUMNO-DOCENTE
650 4 _aORIENTACION ESCOLAR
700 1 _aDetjen, Mary Ford
700 1 _aRitter, Emilio J:
_etraductor
942 _cBK
998 _cCarmen
999 _c4982
_d4982